<?xml version="1.0" encoding="UTF-8"?>
<record
    xmlns:xsi="http://www.w3.org/2001/XMLSchema-instance"
    xsi:schemaLocation="http://www.loc.gov/MARC21/slim http://www.loc.gov/standards/marcxml/schema/MARC21slim.xsd"
    xmlns="http://www.loc.gov/MARC21/slim">

  <leader>01296nam a22002175i 4500</leader>
  <controlfield tag="001">54370</controlfield>
  <controlfield tag="003">ES-MaACL</controlfield>
  <controlfield tag="005">20250815062601.0</controlfield>
  <controlfield tag="007">t|</controlfield>
  <controlfield tag="008">960718m18811904fr           ||||1| fre d</controlfield>
  <datafield tag="040" ind1=" " ind2=" ">
    <subfield code="a">CAM </subfield>
    <subfield code="b">spa </subfield>
    <subfield code="c">CAM</subfield>
  </datafield>
  <datafield tag="100" ind1="1" ind2=" ">
    <subfield code="a">Fontane, Marius.</subfield>
    <subfield code="9">51610</subfield>
  </datafield>
  <datafield tag="245" ind1="1" ind2="0">
    <subfield code="a">Histoire universelle / </subfield>
    <subfield code="c">Marius Fontane.</subfield>
  </datafield>
  <datafield tag="260" ind1=" " ind2=" ">
    <subfield code="a">Paris : </subfield>
    <subfield code="b">Alphonse Lemerre : </subfield>
    <subfield code="b">[s.a.], </subfield>
    <subfield code="c">1881-1904.</subfield>
  </datafield>
  <datafield tag="300" ind1=" " ind2=" ">
    <subfield code="a">13 v. ; </subfield>
    <subfield code="c">22 cm.</subfield>
  </datafield>
  <datafield tag="500" ind1=" " ind2=" ">
    <subfield code="a">Falta el vol. 14 ("La Renaissance, de 1250 &#xE1;a 1516") publicado en 1910.</subfield>
  </datafield>
  <datafield tag="505" ind1="8" ind2=" ">
    <subfield code="a">Contiene: V. 1. Inde vedique (de 1800 &#xE1;a 800 av. J.-C.) -- v. 2. Les Iraniens (de 2500 &#xE1;a 800 av. J.-C.) -- v. 3. Les Egyptes (de 5000 &#xE1;a 750 av. J.-C.) -- v. 4. Les Asiatiques (de 4000 &#xE1;a 559 av. J.-C.) -- v. 5. La Gr&#xE8;ce (de 1300 &#xE1;a 480 av. J.-C.) -- v. 6. Ath&#xE8;nes (de 480 &#xE1;a 336 av. J.-C.) -- v. 7. Rome (de 754 &#xE1;a 63 av. J.-C.) -- v. 8. Le Christianisme (de 67 av. J.-C. &#xE1;a 117 ap. J.-C.) -- v. 9. Les Barbares (de 117 &#xE1;a 395 ap. J.-C.) -- v. 10. Mahomet (de 395 &#xE1;a 632 ap. J.-C.) -- v. 11. La Papaut&#xE9;, Charlemagne (de 632 &#xE1;a 877 ap. J.-C.) -- v. 12. L'Europe (de 872 &#xE1;a 1122 ap. J.-C.) -- v. 13. Les Croisades (de 1096 &#xE1;a 1327 ap. J.-C.)</subfield>
  </datafield>
  <datafield tag="650" ind1=" " ind2="7">
    <subfield code="a">Historia universal</subfield>
    <subfield code="2">embne</subfield>
    <subfield code="9">13429</subfield>
  </datafield>
  <datafield tag="852" ind1=" " ind2=" ">
    <subfield code="a">ES-MaACL</subfield>
    <subfield code="j">D-568-80</subfield>
  </datafield>
  <datafield tag="999" ind1=" " ind2=" ">
    <subfield code="c">54370</subfield>
    <subfield code="d">54370</subfield>
  </datafield>
  <datafield tag="952" ind1=" " ind2=" ">
    <subfield code="0">0</subfield>
    <subfield code="1">0</subfield>
    <subfield code="4">0</subfield>
    <subfield code="7">0</subfield>
    <subfield code="8">LIBXIX</subfield>
    <subfield code="a">ATENEOM</subfield>
    <subfield code="b">ATENEOM</subfield>
    <subfield code="c">SVI</subfield>
    <subfield code="d">2008-01-17</subfield>
    <subfield code="e">SC</subfield>
    <subfield code="l">0</subfield>
    <subfield code="o">D-568-80</subfield>
    <subfield code="p">901057133</subfield>
    <subfield code="r">2023-02-23 00:00:00</subfield>
    <subfield code="w">2023-02-23</subfield>
    <subfield code="y">MONANT</subfield>
  </datafield>
</record>
